|
|
|
|
| LEADER |
01616cam a2200457 i 4500 |
| 001 |
nkc20152699825 |
| 003 |
CZ PrNK |
| 005 |
20151014141959.0 |
| 007 |
ta |
| 008 |
150625s2015 xr g 000 f cze d |
| 015 |
|
|
|a cnb002699825
|
| 020 |
|
|
|a 978-80-252-2443-4
|q (brožováno)
|
| 035 |
|
|
|a (OCoLC)920662034
|
| 040 |
|
|
|a ULG001
|b cze
|d ABA001
|e rda
|
| 041 |
1 |
|
|a cze
|h eng
|
| 072 |
|
7 |
|a 821.111(73)-3
|x Americká próza
|2 Konspekt
|9 25
|
| 080 |
|
|
|a 821.111(73)-31
|2 MRF
|
| 080 |
|
|
|a (0:82-311.9)
|2 MRF
|
| 100 |
1 |
|
|a Zahn, Timothy,
|d 1951-
|7 jn20010310198
|4 aut
|
| 240 |
1 |
0 |
|a Scoundrels.
|l Česky
|7 aun2015880678
|
| 245 |
1 |
0 |
|a Star Wars.
|p Ničemové /
|c Timoty Zahn ; z anglického originálu Star Wars - Scoundrels ... přeložil Martin Pohl
|
| 246 |
3 |
0 |
|a Ničemové
|
| 250 |
|
|
|a První vydání
|
| 264 |
|
1 |
|a V Praze :
|b Egmont Publishing,
|c 2015
|
| 300 |
|
|
|a 399 stran ;
|c 18 cm
|
| 336 |
|
|
|a text
|b txt
|2 rdacontent
|
| 337 |
|
|
|a bez média
|b n
|2 rdamedia
|
| 338 |
|
|
|a svazek
|b nc
|2 rdacarrier
|
| 500 |
|
|
|a Na obálce nad názvem: legends
|
| 500 |
|
|
|a Obálkový podnázev: Han Solo a loupež století
|
| 655 |
|
7 |
|a americké romány
|7 fd131796
|2 czenas
|
| 655 |
|
7 |
|a vědecko-fantastické romány
|7 fd133847
|2 czenas
|
| 655 |
|
9 |
|a American fiction
|2 eczenas
|
| 655 |
|
9 |
|a science fiction novels
|2 eczenas
|
| 700 |
1 |
|
|a Pohl, Martin,
|d 1986 prosinec 23.-
|7 jo2015889180
|4 trl
|
| 910 |
2 |
|
|a BOA001
|b 1-1350.583
|
| 928 |
9 |
|
|a EGMONT ČR
|
| 990 |
|
|
|a BK
|
| 995 |
|
|
|a 01
|
| 991 |
|
|
|b 201508
|c NOV
|e b
|
| 996 |
6 |
|
|b 2610639815
|c 1-1350.583
|l MZK
|r Sklad / do 1 hodiny
|n 0
|p p.v.
|w 001516432
|u 000010
|a 1
|e BOA001
|j MZK50
|s P
|